000 00550nam a2200181Ia 4500
005 20250423094612.0
008 250422s9999 xx 000 0 und d
020 _a9781107410503
050 _aTD 196.P4 .F55/
100 _aFiller, Dennis M.
245 0 _aBioremediation of petroleum hydrocarbons in cold regions
260 _aUnited state
260 _bCambridge University Press
260 _c2012
300 _a273 p
650 _a Petroleum chemicals--Environmental aspects--Cold regions. Bioremediation--Cold regions.
942 _cBK
999 _c27734
_d27734